000 005130000a22002050004500
003 LK-CoMWRAF
005 20240503114501.0
008 230817t2006 ||||| |||| 00| 0 eng d
020 _a9559999109
040 _aLK-CoMWRAF
_dLK-CoMWRAF
_eLK-CoMWRAF
041 _aeng
082 _a170
_bSCH
100 _aSchagen, Linda Van
245 _aEthics & etiquette :
_b(in a changing world)
260 _aColombo :
_bDorian gray,
_c2006
300 _a136 p.
650 _aETHICS
650 _aETIQUETTE
942 _cBK
999 _c2177
_d2177